000 00436nam a2200181Ia 4500
008 220531s9999 xx 000 0 und d
041 _aeng
082 _bBHE
100 _aBhende, A. A. And Kanitkar, T.
_952919
245 _aPrinciples Of Population Studies
250 _a18th
260 _bHimalaya
_c2010
300 _a628
542 _d27-02-2010
650 _aSociology
_952920
906 _d2009-2010
999 _c30681
_d30681